00678 a2200193 4500999001500000010001400015020001000029035001300039037001500052082001000067100001800077245008600095260004500181270007200226300002400298700002400322942002900346952010900375 c7683d7683 aENG-88148 c80.00 aEN-71681 bDBAD / PUB14a133.51 aHariharan, K.1 aK.P. replaces the unscientific method /cby K. Hariharan [and] K.S. Krishnamurti aChennaibKrishnamurti Publicationsc2001 aF-21, First Floor, Spencer Plaza, 769, Anna SalaibChennaie600 002 a174 p.c21 cm (Pbk) aKrishnamurti, K.S.  adplcEN2ddch133.5mHAR 001040718NFICaDBADbDBADeDBAD/PUBg80.00l0o133.5 HARpEN-71681r2008-09-15 00:00:00t1v80.00yEN